Guía completa de la decoración (Record no. 119920)

MARC details
000 -LEADER
fixed length control field 00898nam a22002297a 4500
005 - DATE AND TIME OF LATEST TRANSACTION
control field 20240422113956.0
008 - FIXED-LENGTH DATA ELEMENTS--GENERAL INFORMATION
fixed length control field 240422b sp |||||||| |||| 00| 0 spa d
020 ## - INTERNATIONAL STANDARD BOOK NUMBER
International Standard Book Number 8489396094
050 04 - LIBRARY OF CONGRESS CALL NUMBER
Classification number NK2115
Item number W35 1997
100 1# - MAIN ENTRY--PERSONAL NAME
Personal name Walton, Stewart.
240 14 - UNIFORM TITLE
Uniform title The complete home decorator
Language of a work Español.
245 10 - TITLE STATEMENT
Title Guía completa de la decoración
Remainder of title : 1,000 ideas de diseño para el hogar
Statement of responsibility, etc / Stewart Walton ; traducción Remedios Diéguez Diéguez ; revisión técnica Margarita Kirchner.
246 16 - VARYING FORM OF TITLE
Title proper/short title Guía completa de la decoración
Remainder of title : mil ideas de diseño para el hogar
250 ## - EDITION STATEMENT
Edition statement 1a ed.
260 ## - PUBLICATION, DISTRIBUTION, ETC. (IMPRINT)
Place of publication, distribution, etc Barcelona, España :
Name of publisher, distributor, etc Art Blume,
Date of publication, distribution, etc 1997.
300 ## - PHYSICAL DESCRIPTION
Extent 255 p. :
Other physical details il. ;
Dimensions 27 cm.
500 ## - GENERAL NOTE
General note Incluye índice.
650 #7 - SUBJECT ADDED ENTRY--TOPICAL TERM
Source of heading or term lemb
Topical term or geographic name as entry element Decoración de interiores
Form subdivision Guía
700 1# - ADDED ENTRY--PERSONAL NAME
Personal name Diéguez Diéguez, Remedios,
Relator term traductor
700 1# - ADDED ENTRY--PERSONAL NAME
Personal name Kirchner, Margarita,
Relator term revisor
942 ## - ADDED ENTRY ELEMENTS (KOHA)
Source of classification or shelving scheme Biblioteca del Cogreso de los Estados Unidos
Koha item type Libro
Holdings
Estado de pérdida Fuente de clasificación Estado del daño No para préstamo Ubicación permanente Ubicación actual Apartado o colección Fecha de adquisición Edición Dependencia de educación superior (DES) Área del conocimiento Total Checkouts Clasificación Código de Barras Date last seen Número de copia Costo por reposición Tipo de recurso
  Biblioteca del Cogreso de los Estados Unidos   Consulta Biblioteca de la Facultad de Ingeniería en Tecnología de la Madera Biblioteca de la Facultad de Ingeniería en Tecnología de la Madera Consulta 22/04/2024 1a ed. Ingeniería y Arquitectura Educación y Humanidades   NK2115 W35 1997 BTM000001173 22/04/2024 1 1.00 Libro